000 00420nam a2200145Ia 4500
008 220217s9999||||xx |||||||||||||| ||und||
020 _a9789339223199
082 _a621.4 CEN
100 _aCengel, Yunus A and Ghajar, Afshin J
245 0 _aHeat and mass transfer
250 _a5
260 _aMcgraw hill book company
_bNew Delhi
_c2017
300 _aXXII, 944p.
_b735
650 _aHeat and mass transfer
_913007
999 _c188034
_d188034